Instructor's manual to accompany Probability with statistical applications : Probability : a first course
The theory of probability - the mathematics of uncertainty. Some applications of probability to statistical theory. An understanding of the equivalent of high school Algebra II is required for effective learning from this text.
Zapisane w:
| 1. autor: | |
|---|---|
| Format: | Książka |
| Język: | Undetermined |
| Wydane: |
Massachusetts
Addison-Wesley
1970
|
| Hasła przedmiotowe: | |
| Etykiety: |
Dodaj etykietę
Nie ma etykietki, Dołącz pierwszą etykiete!
|
| Thư viện lưu trữ: | Trung tâm Học liệu Trường Đại học Cần Thơ |
|---|
| LEADER | 00897nam a2200205Ia 4500 | ||
|---|---|---|---|
| 001 | CTU_1943 | ||
| 008 | 210402s9999 xx 000 0 und d | ||
| 082 | |a 519.2 | ||
| 082 | |b M915 | ||
| 100 | |a Mosteller, Frederick | ||
| 245 | 0 | |a Instructor's manual to accompany Probability with statistical applications : | |
| 245 | 0 | |b Probability : a first course | |
| 245 | 0 | |c Frederick Mosteller, Robert E. K. Rourke, George B. Thomas, Jr. | |
| 260 | |a Massachusetts | ||
| 260 | |b Addison-Wesley | ||
| 260 | |c 1970 | ||
| 520 | |a The theory of probability - the mathematics of uncertainty. Some applications of probability to statistical theory. An understanding of the equivalent of high school Algebra II is required for effective learning from this text. | ||
| 650 | |a Mathematical statistics,Toán thống kê | ||
| 904 | |i Minh, Hải | ||
| 980 | |a Trung tâm Học liệu Trường Đại học Cần Thơ | ||